00875nam a2200205 a 450000100100000000500170001000800410002704000250006808200150009310000270010824500580013526000310019330000210022449000490024559000760029470000400037083000560041095201860046699900170065200003492920200930074007.0111021s1971 sp 000 0 spa d aDO-SdBNPbspacBNPHU axxxxbxxxx1 aCortazar, Julio92278213aLa isla a mediodia y otros relatos /cJulio Cortazar. aEspaña :bSalvat,c1971. a197 p. ;c19 cm.1 aBiblioteca básica salvat de libros rtvv94 aPerteneció a la biblioteca personal de Juan Isidro Jimenes Grullón.1 aMatute, Ana Maríaepról.917559 0aBiblioteca básica salvat de libros rtvn94960496 001050718MOaGRbGRcHDd2011-10-21iLF1l0oxxxx xxxxp34929-10r2020-06-25w2020-06-25y1zPerteneció a la biblioteca personal de Juan Isidro Jimenes Grullón.ZNo se presta c34420d34420